00302nam a2200109Ia 4500008004000000082001600040100002000056245004700076260005100123300000800174650001000182210210b1997 xxu||||| |||| 00| 0 eng d a032.02 SACC aSACHDEVA (S K). aCompetition success review year book 1997. aNew Delhi.bCompetition Review Pvt Ltd.,c1997 a844 aCSR